| 000 | 00669cam a22002411 4500 | ||
|---|---|---|---|
| 001 | sa 63002507 | ||
| 003 | DLC | ||
| 005 | 20260227111934.0 | ||
| 008 | 720901s1960 pk a b 000 0 eng | ||
| 010 | _asa 63002507 | ||
| 015 | _aGB61-15627 | ||
| 035 | _a(OCoLC)397733 | ||
| 040 |
_aDLC _cODaWU _dOCoLC _dUk _dDLC |
||
| 042 | _apremarc | ||
| 050 | 0 | 0 |
_aDS38 _b.M24 1960 |
| 082 | _a956 | ||
| 100 | 1 |
_aMahmud, S. F. _q(Sayyid Fayyaz) |
|
| 245 | 0 | 2 | _aA short history of Islam. |
| 260 |
_aKarachi, _bPakistan Branch, Oxford University Press, _c1960. |
||
| 300 |
_a724 p. _billus. _c23 cm. |
||
| 504 | _aIncludes bibliography. | ||
| 651 | 0 |
_aIslamic countries _xHistory. |
|
| 999 |
_c54493 _d54493 |
||